000 00201nam a22000857a 4500
020 _a9789386041944
082 _aK800
245 _aCREEPELLA VON CACKLEFUR - THE PHANTOM OF THE THEATER - BOOK 8
942 _cBK
999 _c5307
_d5307